000 00488nam a2200193 a 4500
001 1768898038257
003 YourLibrary
005 20260120141625.0
008 260120s2004##################000#0#eng##
020 _a9781594510328
082 0 4 _a303.484
_bAGG
100 1 _aAgger, Ben,
_eauthor.
245 1 0 _aSpeeding Up Fast Capitalism :
260 _bRoutledge,
_c2004.
300 _a196 pages
650 0 _aComputers.
942 _cENGLISH
040 _aYourLibrary
_beng
_cYourLibrary
999 _c608742
_d608742